LEADER 01390nam a2200313 4500 001 000000356116 003 CaOOAMICUS 005 20231128103249.0 008 231115s2023 it 000 u ita r 020 $a978-88-6894-614-2 040 $aSeMil$bita 100 1 $aDall'Oglio, Paolo.$0(OLS)http://semarc/name/38949 245 13$aIl mio testamento /$cPaolo Dall'Oglio ; prefazione papa Francesco ; introduzione p. Jihad Youssef ; a cura di Luigi Maffezzoli. 264 1$aMilano :$bCentro Ambrosiano,$c2023. 300 $a206 p. ;$c21 cm 650 0$aDall'Oglio, Paolo - Scritti e discorsi.$0(OLS)http://semarc/subject/54784 700 1 $aYoussef, Jihad.$0(OLS)http://semarc/name/114300 700 1 $aMaffezzoli, Luigi,$d<1956- >.$0(OLS)http://semarc/name/80479 700 0 $aFranciscus I,$c.$0(OLS)http://semarc/name/2737 850 $aSeMil 852 $aSeMil$W1$xVenegono$y1$m3F III 735$j244775$B247392$CSeMilBibl$Z2$F247392 $81 900 1 $aBergoglio, Jorge Mario,$d<1936-2025>. 900 0 $aFrancesco I$c. 996 $6020$a978-88-6894-614-2$9(OLS)http://semarc/number/299294 996 $6245$aIl mio testamento$9(OLS)http://semarc/title/446353 996 $6264$aMilano :$bCentro Ambrosiano$9(OLS)http://semarc/publisher/29766 LEADER 00936nam a2200217 i 4500 001 000000232591 003 CaOOAMICUS 005 20140902000000.0 008 140902s1939 it u000 u mul u 013 $a211494 040 $aSeMil$bita 100 1 $aMessina, Giuseppe .$0(OLS)http://semarc/name/14000 245 10$aTesto pehlevico, parsi e pazend restituito, tradotto e commentato. 300 $a155 p. 490 0 $aBiblica et orientalia [GBP] ;$v9 500 $aContiene : Appendici ; Lessico. 773 0 $aMessina, Giuseppe $tLibro apocalittico persiano Ayatkar I Zamaspik.$dRoma : Pontificio Istituto Biblico, 1939.$g1$w()30447 830 0$aBiblica et orientalia ;$v9.$0(OLS)http://semarc/title/39348 850 $aSeMil 852 $aSeMil$W1$xVenegono$y1$m2Z V 2$j182937$B182937$CSeMilBibl$Z2$F193941 $81 996 $6245$aTesto pehlevico, parsi e pazend restituito, tradotto e commentato$9(OLS)http://semarc/title/331861